Normal view
MARC view
- Chithra M. G
Entry Personal Name
001 - CONTROL NUMBER
- control field: 3433
003 - CONTROL NUMBER IDENTIFIER
- control field: OSt
005 - DATE AND TIME OF LATEST TRANSACTION
- control field: 20180929114251.0
008 - FIXED-LENGTH DATA ELEMENTS
- fixed length control field: 180929|| aca||aabn | a|a d
040 ## - CATALOGING SOURCE
- Original cataloging agency: OSt
- Transcribing agency: OSt
100 ## - HEADING--PERSONAL NAME
- Personal name: Chithra M. G
670 ## - SOURCE DATA FOUND
- Source citation: Work cat.: (OSt)15143: ABDUL SUHAIL 3432, Identification of shallow groundwater potential areas in Thuthappuzha sub - basin using GIS technology
